Loading...
| Religion | 0 | 4 | 0 | 2 | 40 | 107 | 126.00 | 0 | 0 | 0.00 | 0.00 |
| History - European | 0 | 3 | 0 | 2 | 30 | 49 | 105.33 | 1 | 1 | 0.00 | 0.00 |
| History - World | 0 | 3 | 0 | 0 | 30 | 90 | 107.00 | 0 | 0 | 0.00 | 0.00 |
| Literature - European | 0 | 2 | 0 | 0 | 20 | 100 | 114.50 | 0 | 0 | 0.00 | 0.00 |
| History - American | 0 | 2 | 1 | 0 | 15 | 111 | 120.50 | 0 | 0 | 0.00 | 0.00 |
| Social Science | 0 | 1 | 0 | 1 | 10 | 131 | 131.00 | 0 | 0 | 0.00 | 0.00 |
| Literature - British | 0 | 1 | 0 | 1 | 10 | 138 | 138.00 | 0 | 0 | 0.00 | 0.00 |
| Literature - World | 0 | 1 | 0 | 0 | 10 | 118 | 118.00 | 0 | 0 | 0.00 | 0.00 |
| Painting & Sculpture | 0 | 1 | 0 | 1 | 10 | 148 | 148.00 | 0 | 0 | 0.00 | 0.00 |
| Fine Arts - Classical Music | 0 | 1 | 0 | 1 | 10 | 136 | 136.00 | 0 | 0 | 0.00 | 0.00 |
| Philosophy | 0 | 0 | 0 | 0 | 0 | 0.00 | 0 | 0 | 0.00 | 0.00 |